|
|
|
|
| LEADER |
00000ny a22000003n 4500 |
| 005 |
20110524104528.0 |
| 008 |
080806s2005 ag s 000 0 spa d |
| 020 |
|
|
|a 9871145454
|
| 035 |
|
|
|a 2274
|
| 040 |
|
|
|a UMA.RE
|d vLex
|
| 080 |
|
|
|a 174:347.96(0.034)
|
| 090 |
|
|
|c 190
|d 190
|
| 100 |
1 |
|
|a Tinti, Guillermo Pedro
|
| 245 |
1 |
0 |
|a Etica en el ejercicio de la abogaca̕
|h [Recurso electrn̤ico]
|c Guillermo Pedro Tinti
|
| 256 |
|
|
|a Servicio en ln̕ea
|
| 260 |
|
|
|a Cr̤doba (Argentina) :
|b Alveroni,
|c 2005
|
| 506 |
1 |
|
|a Contenido solo disponible en los productos indicados
|d vLex Global
|d vLex Global (Academic Edition, excluding Law Schools)
|d vLex Global (U.S. Academic Edition, Law Schools)
|d vLex Global (U.S. Academic Edition, excluding Law Schools)
|d vLex Global (Academic Edition, Law Schools)
|
| 740 |
0 |
|
|a vLex Libros (Servicios en ln̕ea)
|
| 856 |
4 |
0 |
|u http://vlex.com/source/2274
|z Acceso restringido
|
| 942 |
|
|
|c BOOK
|
| 999 |
0 |
4 |
|a Lawyers
|b Argentina
|
| 999 |
0 |
4 |
|a Etica legal
|v En ln̕ea
|